Administración, organización y contabilidad industriales / (Registro nro. 90031)

Detalles MARC
000 -LEADER
campo de control de longitud fija 00806nam a2200217 i 4500
001 - NÚMERO DE CONTROL
campo de control 90031
003 - IDENTIFICADOR DE NÚMERO DE CONTROL
campo de control ES-MaACL
005 - FECHA Y HORA DE LA ÚLTIMA TRANSACCIÓN
campo de control 20230906180329.0
007 - CAMPO FIJO DE DESCRIPCIÓN FÍSICA--INFORMACIÓN GENERAL
campo de control de longitud fija t|
008 - DATOS DE LONGITUD FIJA--INFORMACIÓN GENERAL
campo de control de longitud fija 050117s1961 sp ||||1| spa d
100 1# - ENTRADA PRINCIPAL--NOMBRE DE PERSONA
Nombre de persona Leemans, Louis.
9 (RLIN) 71206
245 10 - MENCIÓN DEL TÍTULO
Título Administración, organización y contabilidad industriales /
Mención de responsabilidad, etc. Louis Leemans y Armand Labar ; versión española de Wenceslao Millán Fernández.
260 ## - PUBLICACIÓN, DISTRIBUCIÓN, ETC.
Lugar de publicación, distribución, etc. Madrid :
Nombre del editor, distribuidor, etc. Aguilar,
Fecha de publicación, distribución, etc. 1961.
300 ## - DESCRIPCIÓN FÍSICA
Extensión XX, 376 p. ;
Dimensiones 22 cm.
490 1# - MENCIÓN DE SERIE
Mención de serie Biblioteca de economía, organización y problemas de la empresa
700 1# - ENTRADA AGREGADA--NOMBRE PERSONAL
Nombre de persona Millán Fernández, Wenceslao.
9 (RLIN) 81146
700 1# - ENTRADA AGREGADA--NOMBRE PERSONAL
Nombre de persona Labar, Armand.
9 (RLIN) 69207
830 0# - PUNTO DE ACCESO ADICIONAL DE SERIE-TÍTULO UNIFORME
Título uniforme Biblioteca de economía, organización y problemas de la empresa
9 (RLIN) 181610
852 ## - LOCALIZACIÓN
Ubicación ES-MaACL
Número de control de estantería C-20809
Sublocalización o colección R.49225
Existencias
Estatus retirado Estado de pérdida Estado de daño No para préstamo Biblioteca de origen Biblioteca actual Ubicación en estantería Fecha de adquisición Fuente de adquisición Total de préstamos Signatura topográfica completa Código de barras Visto por última vez Precio de reemplazo Tipo de ítem Koha
        Biblioteca del Ateneo de Madrid Biblioteca del Ateneo de Madrid Galería 17/01/2008     C-20809 1094022 23/02/2023 23/02/2023 Libro impreso